NBA Player by Picture - Statistics

General Stats
  • This quiz has been taken 95 times
  • The average score is 13 of 16
Answer Stats
Picture Hint Answer % Correct
#33 Larry Bird
99%
#13 James Harden
97%
#77 Luka Doncic
94%
#11 Klay Thompson
93%
#32 Charles Barkley
92%
#13 Steve Nash
92%
#15 Vince Carter
91%
#15 Carmelo Anthony
89%
#1 Victor Wembanyama
88%
#20 Manu Ginobili
85%
#34 Ray Allen
83%
#7 Pete Maravich
80%
#32 Bill Walton
74%
#99 George Mikan
68%
#1 Penny Hardaway
60%
#50 Ralph Sampson
48%
No matching quizzes found
Score Distribution
Percent of People with Each Score
Percentile by Number Answered
Your Score History
You have not taken this quiz